Most Streamed Songs from Reputation Album by Taylor Swift - Statistics

General Stats
  • This quiz has been taken 694 times
  • The average score is 10 of 15
Answer Stats
Streams Track % Correct
862M Look What You Made Me Do
99%
695M Delicate
86%
482M ...Ready for It?
81%
603M Don't Blame Me
80%
412M Gorgeous
70%
375M Getaway Car
67%
365M End Game
65%
180M Dress
62%
115M So It Goes...
61%
294M I Did Something Bad
59%
126M New Year's Day
59%
167M King of My Heart
56%
267M Call It What You Want
54%
164M Dancing With Our Hands Tied
52%
144M This Is Why We Can't Have Nice Things
52%
No matching quizzes found
Score Distribution
Percent of People with Each Score
Percentile by Number Answered
Your Score History
You have not taken this quiz